000 00823nam a22002897a 4500
001 0074
003 DO-SdBNP
005 20180119092401.0
007 0074
008 151015b sp 1979 xxu||||| |||| 00| 0 spa d
020 _a8426109799
040 _aBPMSU
_bspa
_cBPMSU
092 _axxxxxxxx
_bxxxxxxxx
100 1 4 _aBlyton, Enid
240 1 0 _aFive go of to camp/
_leng
245 1 4 _aLos cinco van de camping /
_cEnid Blyton ; traducción Mercedes Folch ; ilustración José Correas
250 _a10a ed.
260 _aBarcelona, España :
_bJuventud,
_c1979
300 _a168 p.
_bil.,
_c20 cm.
490 0 _aLos cinco
_v28
700 1 0 _aFolch, Mercedes,
_etr.
700 1 0 _aCorreas, José,
_eil.
830 0 _aLos cinco
_n28
942 _2ddc
_cBK
945 _aInventariado, 2018 / YL
956 _aBrenda Tavárez
999 _c8388
_d8388